Biochemistry (Record no. 38523)
[ view plain ]
| 000 -LEADER | |
|---|---|
| fixed length control field | 00474nam a2200193Ia 4500 |
| 008 - FIXED-LENGTH DATA ELEMENTS--GENERAL INFORMATION | |
| fixed length control field | 220531s9999 xx 000 0 und d |
| 041 ## - LANGUAGE CODE | |
| Language code of text/sound track or separate title | eng |
| 082 ## - DEWEY DECIMAL CLASSIFICATION NUMBER | |
| Classification number | 572 |
| Item number | VOE / VOE |
| 100 ## - MAIN ENTRY--PERSONAL NAME | |
| Personal name | Voet, D. / Voet, J. G. |
| 9 (RLIN) | 68583 |
| 245 ## - TITLE STATEMENT | |
| Title | Biochemistry |
| 250 ## - EDITION STATEMENT | |
| Edition statement | 4th |
| 260 ## - PUBLICATION, DISTRIBUTION, ETC. (IMPRINT) | |
| Place of publication, distribution, etc. | New Jersy |
| Name of publisher, distributor, etc. | John wiley |
| Date of publication, distribution, etc. | 2011 |
| 300 ## - PHYSICAL DESCRIPTION | |
| Extent | I-53 |
| 542 ## - INFORMATION RELATING TO COPYRIGHT STATUS | |
| Copyright holder | 31-07-2015 |
| 551 ## - | |
| -- | Science |
| -- | Ugc-SCI |
| 650 ## - SUBJECT ADDED ENTRY--TOPICAL TERM | |
| Topical term or geographic name as entry element | Biochemistry |
| 9 (RLIN) | 68584 |
| 906 ## - LOCAL DATA ELEMENT F, LDF (RLIN) | |
| d | 2015-2016 |
| Withdrawn status | Lost status | Source of classification or shelving scheme | Damaged status | Not for loan | Collection code | Home library | Current library | Date acquired | Vendor | Cost, normal purchase price | Total Checkouts | Total Holds | Full call number | Barcode | Date last seen | Bill Date | Koha item type | Original Barcode |
|---|---|---|---|---|---|---|---|---|---|---|---|---|---|---|---|---|---|---|
| Dewey Decimal Classification | Shri Siddhivinayak Mahila Mahavidyalaya | Shri Siddhivinayak Mahila Mahavidyalaya | 31/07/2015 | Creative Book Service | 4506.00 | 1 | 572/VOE / VOE/B/19891 | SSMM-BK-19891 | 06/08/2022 | 06/08/2022 | Books | 010019891 |